000 01388cam a2200349 a 4500
999 _c29168
_d29139
001 15438437
003 EG-ScBUE
005 20210608115249.0
008 080904s2010 nyua f b 001 0 eng d
020 _a9780071324830
020 _a0071324836
035 _a(OCoLC)ocn245598960
040 _aDLC
_beng
_erda
_cDLC
_dYDX
_dYDXCP
_dDLC
_dEG-ScBUE
082 0 4 _a658.4032
_bHIL
_222
100 1 _aHillier, Frederick S.,
_eauthor.
_919456
245 1 0 _aIntroduction to operations research /
_cFrederick S. Hillier, Stanford University, Gerald J. Lieberman, Late of Stanford University.
250 _aNinth edition,
_binternational edition.
264 1 _aNew York, NY :
_bMcGraw Hill,
_c2010.
300 _axxiv, 1047 pages :
_billustrations ;
_c27 cm
336 _2rdacontent
_atext
_btxt
337 _2rdamedia
_aunmediated
_bn
338 _2rdacarrier
_avolume
_bnc
504 _aIncludes bibliographical references and index.
650 7 _aOperations research.
_2BUEsh
653 _bBUSADM
_cJune2021
655 _vReading book
_934232
700 1 _aLieberman, Gerald J.,
_eauthor.
856 4 1 _3Table of contents only
_uhttp://www.loc.gov/catdir/toc/ecip0827/2008039045.html
906 _a7
_bcbc
_corignew
_d1
_eecip
_f20
_gy-gencatlg
942 _2ddc
_cBB